Biblioteca

Salud Integral (Registro nro. 52295)

Detalles MARC
000 -LÍDER
Campo fijo de descripción fija 00840aab a2200193 i 4500
001 - NÚMERO DE CONTROL
Campo de control 768714001
003 - IDENTIFICADOR DEL NÚMERO DE CONTROL
Campo de control CO-MdFUSB
005 - FECHA Y HORA DE LA ULTIMA TRANSACCIÓN
control field 20240423095657.0
008 - ELEMENTOS DE LONGITUD FIJA -- INFORMACIÓN GENERAL
Campo fijo de descripción fija -- Información general 240423t1998 ag ||||| |||| 00| 0 spa d
040 ## - FUENTE DE CATALOGACIÓN
Idioma de catalogación spa
Agencia que realiza la transcripción CO-MdFUSB
041 ## - CÓDIGO DE IDIOMA
Código de idioma para texto/pista de sonido o título separado spa
100 1# - ASIENTO PRINCIPAL--NOMBRE PERSONAL
Nombre personal Padilla, C. René
Término relacionador autor
245 ## - TÍTULO
Título Salud Integral
Mención de responsabilidad / C. René Padilla
300 ## - DESCRIPCIÓN FÍSICA
Extensión Volumen 17, número 2 (abril - julio, 1998), páginas: 4 - 5
Dimensiones ; 27 cm
520 ## - NOTA DE RESUMEN, ETC.
Nota de sumario, etc. Esta columna inicia expresando que un enfoque general de la salud es aquel que se correlaciona estrechamente con la enfermedad física o mental. Por tanto, ayuda a reflexionar que la salud integral incluye vivir en armonía con Dios y la comunidad.
650 14 - ASIENTO SECUNDARIO DE MATERIA - TERMINO TEMÁTICO
Término temático o nombre geográfico como elemento de entrada SALUD
773 0# - ASIENTO DE ITEM FUENTE
Título Iglesia y Misión
Biblionumber 49402
Itemnumber 59634
Parte(s) relacionada(s) / Volumen., número. (mes año), páginas Volumen 17, número 2 (abril - julio, 1998), páginas: 4 - 5
Enumeración y primera página página: 4
942 ## - TIPO DE MATERIAL (KOHA)
Tipo de Item KOHA Artículos de Revista

No hay ítems disponibles.

Biblioteca FUSBC | Teléfono: (57+4) 349 88 10 Ext. 141| WhatsApp (+57) 3005338115 
E-mail: biblioteca@unisbc.edu.co | Calle 76 87-14 Robledo Palenque, Medellín, Colombia

Con tecnología Koha